States of Austria - Sudden Death - Statistics

General Stats
  • This quiz has been taken 38 times
  • The average score is 6 of 9
Answers on the Grid
Answers color-coded by a green-red scale on the quiz's grid according to % correct below.
Lower Austria
Bohemia
Tyrol
Trent
Graubünden
Burgenland
Vienna
Vorarlberg
Diekirch
Central Austria
Styria
Baden-Württemberg
Istria
Transylvania
Upper Austria
Carinthia
Guangxi
Salzburg
Alsace
Groningen
 
Answer Stats
Answer % Correct
Lower Austria
83%
Tyrol
78%
Vienna
78%
Salzburg
72%
Burgenland
61%
Upper Austria
61%
Styria
56%
Vorarlberg
56%
Carinthia
44%
No matching quizzes found
Score Distribution
Percent of People with Each Score
Percentile by Number Answered
Your Score History
You have not taken this quiz